000 00740nab a2200217 4500
003 BR-BrBNA
005 20250228155548.0
008 250228b bl.||||| |||| 00| 0 por d
040 _aBR-BrBNA
_bpor
072 _aP06 ; E70 ; P01
100 _aAttuch, Leonardo
245 _aA corrida global do biodiesel
_bAgroeconomia
500 _a10 illus.; 2 tables
650 _aBIOCOMBUSTÍVEL
650 _aÓLEO VEGETAL
650 _aAGROENERGIA
650 _aDESENVOLVIMENTO SUSTENTÁVEL
773 0 _01706
_9347825
_dSão Paulo-SP Editora Três Ltda - E-mail: luizfsa@revistadinheiro.com.br 2004
_o2025-0326
_tDinheiro Rural (Brazil)
_x1807-3700
_gv. 2(11) p. 26-29; (Sep 2005)
_wBR2025000041
942 _cANA
999 _c330201
_d330201